000 00764nam a2200253Ia 4500
003 OSt
005 20220928113659.0
006 a|||||r|||| 00| 0
007 ta
008 220927b |||||||| |||| 00| 0 eng d
020 _c1127.248
024 _a107414
037 _b9070, 19/01/2010, Elite Publishers Distributors
_cTextual
040 _aSDCL
_cSDCL
_beng
041 _2eng
_aeng
082 _aW, P9
100 _aBalakrishnan Gopal
_9434453
245 0 _aAntagonistics
_b Capitalism and power in an age of war
260 _aLondon
_bVerso
_c2009
300 _avii,290p
_ccm.
650 _aPolitical Science
942 _hW, P9
_cTEXL
_2CC
999 _c750788
_d750788